Note to RICS about the implementation of Home Information Packs (Record no. 107352)

MARC details
000 -LEADER
fixed length control field 01514cam a22002415a 4500
001 - CONTROL NUMBER
control field L139795
008 - FIXED-LENGTH DATA ELEMENTS--GENERAL INFORMATION
fixed length control field 070809s2007 xxk f 000 0 eng d
035 ## - SYSTEM CONTROL NUMBER
System control number (Sirsi) u139795
041 0# - LANGUAGE CODE
Language code of text/sound track or separate title eng
050 04 - LIBRARY OF CONGRESS CALL NUMBER
Classification number 333.333 $2 18
110 2# - MAIN ENTRY--CORPORATE NAME
Corporate name or jurisdiction name as entry element National Audit Office
9 (RLIN) 4918
245 00 - TITLE STATEMENT
Title Note to RICS about the implementation of Home Information Packs
Remainder of title August 2007
Medium [electronic resource]
260 ## - PUBLICATION, DISTRIBUTION, ETC.
Place of publication, distribution, etc. London
Name of publisher, distributor, etc. NAO
Date of publication, distribution, etc. 2007
520 ## - SUMMARY, ETC.
Summary, etc. Addresses the concerns raised by RICS in writing to the Department for Communities and Local Government (DCLG) in November 2006. The concern that the use of consultants who had private sector financial interest would seek to be approved under the regulatory scheme is considered to be well grounded. DCLG employed consultants with a clear conflict of interest. It failed to respond to at least three letters from RICS. The concern about an unfair bidding process was also well founded, especially considering the poor communication from DCLG. Makes recommendations to the DCLG regarding process and the avoidance of conflicts of interest.
590 ## - LOCAL NOTE (RLIN)
Local note KA NTK
650 24 - SUBJECT ADDED ENTRY--TOPICAL TERM
Topical term or geographic name entry element HOME INFORMATION PACKS
650 24 - SUBJECT ADDED ENTRY--TOPICAL TERM
Topical term or geographic name entry element RESIDENTIAL ENERGY PERFORMANCE CERTIFICATES
650 24 - SUBJECT ADDED ENTRY--TOPICAL TERM
Topical term or geographic name entry element HOUSING ACT 2004 PART V
651 #4 - SUBJECT ADDED ENTRY--GEOGRAPHIC NAME
Geographic name United Kingdom
Chronological subdivision
690 ## - LOCAL SUBJECT ADDED ENTRY--TOPICAL TERM (OCLC, RLIN)
Topical term or geographic name as entry element PROPERTY-RESIDENTIAL PROPERTY-ACQUISITION AND DISPOSAL OF RESIDENTIAL PROPERTY-HOME BUYING REFORM
856 40 - ELECTRONIC LOCATION AND ACCESS
Uniform Resource Identifier <a href="https://www.nao.org.uk/publications/other_publications.htm">https://www.nao.org.uk/publications/other_publications.htm</a>
Public note View the item free of charge at www.nao.org.uk...
942 ## - ADDED ENTRY ELEMENTS (KOHA)
Suppress in OPAC 0

No items available.